000 00279nam a2200121Ia 4500
005 20251222143315.0
008 251222s9999||||xx |||||||||||||| ||spa||
082 _a828.912/K57L
100 _aKipling, Rudyard
245 0 _aLa Litera Fantástica
264 _bAdobe
942 _cLIB
999 _c15855
_d15855